|
|
|
|
| LEADER |
00000nam2a2200000 4500 |
| 001 |
168509 |
| 005 |
20231101222750.0 |
| 010 |
|
|
|a 9785895453155
|
| 035 |
|
|
|a (RuTPU)RU\TPU\book\182822
|
| 090 |
|
|
|a 168509
|
| 100 |
|
|
|a 20091028d2009 k y0rusy50 ca
|
| 101 |
0 |
|
|a rus
|
| 102 |
|
|
|a RU
|
| 105 |
|
|
|a a z 101zy
|
| 200 |
0 |
|
|a Т. 1
|
| 210 |
|
|
|d 2009
|
| 215 |
|
|
|a 218 с.
|c ил.
|
| 320 |
|
|
|a Библиография в примечаниях.
|
| 330 |
|
|
|a В первом томе данного издания представлены материалы конференции, подготовленные на основе научных исследований молодых ученых - преподавателей и аспирантов вузов Сургута, Ханты-Мансийского автономного округа и других регионов Российской Федерации, которые посвящены актуальным вопросам физико-математических, технических наук, биологии, химии, экологии, медицины и юриспруденции. Материалы предназначены для научных работников, преподавателей, аспирантов и студентов.
|
| 461 |
|
1 |
|0 (RuTPU)RU\TPU\book\183546
|y 978-5-89545-313-1
|t Наука и инновации XXI века
|o материалы IX Окружной конференции молодых ученых, 27-28 ноября 2008 г., Сургут
|f Сургутский государственный университет (СурГУ)
|v Т. 1
|d 2007
|
| 606 |
1 |
|
|a Наука
|y В Сибири
|2 stltpush
|3 (RuTPU)RU\TPU\subj\45074
|9 64336
|
| 606 |
1 |
|
|a Инновации
|2 stltpush
|3 (RuTPU)RU\TPU\subj\67423
|9 83236
|
| 610 |
1 |
|
|a естественные науки
|
| 610 |
1 |
|
|a математика
|
| 610 |
1 |
|
|a физика
|
| 610 |
1 |
|
|a информационные технологии
|
| 610 |
1 |
|
|a технические науки
|
| 610 |
1 |
|
|a радиоэлектроника
|
| 610 |
1 |
|
|a биология
|
| 610 |
1 |
|
|a экология
|
| 610 |
1 |
|
|a химия
|
| 610 |
1 |
|
|a медицина
|
| 610 |
1 |
|
|a юридические науки
|
| 610 |
1 |
|
|a научные исследования
|
| 610 |
1 |
|
|a конференции
|
| 686 |
|
|
|a Ч21(2)л0
|v LBC/SL-A
|2 rubbk
|
| 686 |
|
|
|a У9(2)0-551л0
|v LBC/SL-A
|2 rubbk
|
| 801 |
|
1 |
|a RU
|b 63413507
|c 20091028
|
| 801 |
|
2 |
|a RU
|b 63413507
|c 20091126
|g RCR
|
| 942 |
|
|
|c BK
|